000 004120000a22001810004500
003 LK-CoMWRAF
008 230817t ||||| |||| 00| 0 eng d
020 _a9552038111
040 _aLK-CoMWRAF
_dLK-CoMWRAF
_eLK-CoMWRAF
041 _aeng
082 _a021
_bRAN
100 _aRanjanie, Seetha
245 _aRaman
_b
260 _bNugegoda
_pS.Godage
_c1999
300 _ap.72
650 _aSinhala
942 _cBK
999 _c217
_d217